000 00499nam a2200157 a 4500
001 000033223
005 20200930070116.0
008 110823s1917 dr 000 0 spa d
040 _aDO-SdBNP
_bspa
_cBNPHU
082 _axxx
_bC723
100 1 _aColson, Jayme
_936520
245 1 4 _aLos treinta capítulos y moral filosófica /
_cJayme Colson.
246 1 4 _aLos 30 capítulos y moral filosófica
260 _aPuerto Plata :
_bTalleres Tipográficos Mariano Galve,
_c1917.
300 _a243 p. ;
_c20 cm.
999 _c32714
_d32714